Алгоритмы проектирования технологической оснастки: сборник научных трудов

ग्रंथसूची विवरण
निगमित लेखक: Академия наук Белорусской ССР (АН БССР) Институт технической кибернетики (ИТК)
अन्य लेखक: Ракович А. Г. (редактор)
भाषा:रूसी
प्रकाशित: Минск, Изд-во ИТК, 1981
विषय:
स्वरूप: पुस्तक
KOHA link:https://koha.lib.tpu.ru/cgi-bin/koha/opac-detail.pl?biblionumber=308571

MARC

LEADER 00000nam0a2200000 4500
001 308571
005 20231102002116.0
020 |a RU  |b 81-78237 
035 |a (RuTPU)RU\TPU\book\333891 
090 |a 308571 
100 |a 20151103d1981 k y0rusy5003 ca 
101 0 |a rus 
102 |a BY 
105 |a a z 001zy 
200 1 |a Алгоритмы проектирования технологической оснастки  |e сборник научных трудов  |f Академия наук Белорусской ССР (АН БССР), Институт технической кибернетики (ИТК) ; под ред. А. Г. Раковича 
210 |a Минск  |c Изд-во ИТК  |d 1981 
215 |a 138 с.  |c ил. 
320 |a Библиография в конце статей 
606 1 |a Технологическая оснастка  |2 stltpush  |3 (RuTPU)RU\TPU\subj\60142  |9 77631 
610 1 |a технологические приспособления 
610 1 |a проектирование 
610 1 |a автоматизация 
610 1 |a алгоритмы 
610 1 |a инструментальная оснастка 
610 1 |a расчет 
675 |a 621.7.07  |v 4 
702 1 |a Ракович  |b А. Г.  |4 340 
712 0 2 |a Академия наук Белорусской ССР (АН БССР)  |b Институт технической кибернетики (ИТК)  |c (Минск)  |2 stltpush  |3 (RuTPU)RU\TPU\col\443 
801 0 |a RU  |b RuMRKP  |c 19950704  |g psbo 
801 1 |a RU  |b 63413507  |c 20151103 
801 2 |a RU  |b 63413507  |c 20171016  |g RCR 
942 |c BK